000 00576nam a2200157 i 4500
001 162904
003 ES-MaACL
005 20230906212628.0
008 050707s1839 be |||| | fre d
040 _aCAM
_bspa
_cCAM
100 1 _aRaisson, Horace.
_9131569
245 1 2 _aL'art de faire la court aux femmes et de s'en faire aimer ou Conseils aux hommes pour reussir en amour
_b: suivis du courrier des amants /
_cpar Horace Raisson.
260 _aBruxelles :
_bLibraire Belge-Française,
_c1839.
300 _a202 p. ;
_c15 cm.
852 _aES-MaACL
_jD-3982
_z-- Enc. hol.
999 _c162904
_d162904